000 00573nam a2200229Ia 4500
003 OSt
005 20221005132716.0
006 a|||||r|||| 00| 0
007 ta
008 221004b |||||||| |||| 00| 0 mal d
024 _a55552
037 _cTextual
040 _aCRL
_cCRL
_bmal
041 _2mal
_amal
082 _aO32,2N09,15, J8
100 _aNair Kunhiraman
_9635866
245 0 _aUpasana
260 _c1958
650 _aMALAYALAM DRAMA
_9207189
942 _hO32,2N09,15, J8
_cTEXL
_2cc
999 _c1064573
_d1064573